Geografia na literę C - Statystyki

Ogólne statystyki
  • Ten quiz został rozwiązany 216 razy
  • Średni wynik to 12 z 24
Statystyki odpowiedzi
Wskazówka Odpowiedź % Poprawnych
Morze graniczące m.in. z Gruzją Czarne
97%
Stolica Australii Canberra
94%
Najczęściej używany język słowiański na tę literę czeski
91%
Jedno z największych państw bałkańskich Chorwacja
87%
Państwo afrykańskie z flagą podobną do Rumunii Czad
87%
Państwo Ameryki Południowej Chile
84%
Wyspa podzielona między wpływy greckie oraz tureckie Cypr
78%
Największe miasto w Illinois Chicago
66%
Nazwa dla Krakowa w większości języków romańskich, jak i w łacinie Cracovia
66%
Stolica Walii Cardiff
62%
Francuskie miasto znane z festiwalu filmowego Cannes
60%
Zwężenie obszaru wodnego, łączące dwa akweny morskie Cieśnina
55%
Polskie miasto znane z klubu sportowego, który 13 razy wygrał piłkarską Ekstraklase Chorzów
54%
Stan w północno-wschodniej części USA Connecticut
49%
Miasto Francji położone blisko Wielkiej Brytanii Calais
28%
Największe miasto Alberty Calgary
26%
Morze położone na północno-wschodnim brzegu Rosji Czukockie
26%
Włoska wyspa leząca na Morzu Tyrreńskim, administracyjnie należąca do Neapolu Capri
23%
Stolica Saint Lucia Castries
23%
Wypoczynkowe miasto na półwyspie Jukatan Cancun
18%
Jedno z największych rodowitych plemion Ameryki Północnej Czirokezi
13%
Jedno z największych miast Saksonii Chemnitz
11%
6. najwyższa góra świata Czo Oju
8%
Francuskojęzyczna grupa etniczna zamieszkująca Luizjanę Cajun
3%
Nie znaleziono quizów pasujących do podanych kryteriów
Rozkład punktacji
Procent ludzi z każdym wynikiem
Percentyl według liczby udzielonych odpowiedzi
Twoja historia wyników
Nie rozwiązałeś tego quizu